| 000 | 00511nam a2200181 i 4500 | ||
|---|---|---|---|
| 001 | 102080 | ||
| 003 | ES-MaACL | ||
| 005 | 20230906183036.0 | ||
| 007 | t| | ||
| 008 | 200929q18501899sp ||||1| spa d | ||
| 245 | 0 | 0 | _aBaños de Jaraba. |
| 260 |
_a[S.l. : _bs.n., _c18-?] |
||
| 300 |
_a23 p. ; _c15 cm. |
||
| 594 | _aTit. tomado de comienzo del texto. | ||
| 610 | 2 | 4 |
_aBalneario de Serón (Jaraba, Zaragoza) _9170364 |
| 650 | 4 |
_aAguas minerales- _zJaraba (Zaragoza) _9170365 |
|
| 852 |
_aES-MaACL _jT-444-F-2 |
||
| 999 |
_c102080 _d102080 |
||